header

Education, globalization, and social change / (Record no. 250494)

MARC details
000 -LEADER
fixed length control field 01496cam a22003854a 4500
001 - CONTROL NUMBER
control field 14366082
003 - CONTROL NUMBER IDENTIFIER
control field OSt
005 - DATE AND TIME OF LATEST TRANSACTION
control field 20151013120405.0
008 - FIXED-LENGTH DATA ELEMENTS--GENERAL INFORMATION
fixed length control field 060505s2006 enka b 001 0 eng
010 ## - LIBRARY OF CONGRESS CONTROL NUMBER
LC control number 2006014915
015 ## - NATIONAL BIBLIOGRAPHY NUMBER
National bibliography number GBA603697
Source bnb
016 7# - NATIONAL BIBLIOGRAPHIC AGENCY CONTROL NUMBER
Record control number 013354043
Source Uk
020 ## - INTERNATIONAL STANDARD BOOK NUMBER
International Standard Book Number 0199272530
International Standard Book Number 9780199272532
035 ## - SYSTEM CONTROL NUMBER
System control number (OCoLC)ocm62532461
System control number (OCoLC)62532461
040 ## - CATALOGING SOURCE
Original cataloging agency DLC
Transcribing agency DLC
Modifying agency UKM
-- BAKER
-- BWKUK
-- YDXCP
-- OCLCQ
-- COO
-- BTCTA
-- DLC
042 ## - AUTHENTICATION CODE
Authentication code pcc
050 00 - LIBRARY OF CONGRESS CALL NUMBER
Classification number LC191
Item number .E4247 2006
082 00 - DEWEY DECIMAL CLASSIFICATION NUMBER
Classification number 306.43
Edition number 22
245 00 - TITLE STATEMENT
Title Education, globalization, and social change /
Statement of responsibility, etc edited by Hugh Lauder ... [et al.].
246 14 - VARYING FORM OF TITLE
Title proper/short title Education, globalization, & social change
260 ## - PUBLICATION, DISTRIBUTION, ETC. (IMPRINT)
Place of publication, distribution, etc Oxford ;
-- New York :
Name of publisher, distributor, etc Oxford University Press,
Date of publication, distribution, etc 2006.
300 ## - PHYSICAL DESCRIPTION
Extent xxvii, 1182 p. :
Other physical details ill. ;
Dimensions 25 cm.
504 ## - BIBLIOGRAPHY, ETC. NOTE
Bibliography, etc Includes bibliographical references (p. [1039]-1104) and index.
650 #0 - SUBJECT ADDED ENTRY--TOPICAL TERM
Topical term or geographic name as entry element Educational sociology.
Topical term or geographic name as entry element Education
General subdivision Political aspects.
Topical term or geographic name as entry element Globalization.
700 1# - ADDED ENTRY--PERSONAL NAME
Personal name Lauder, Hugh,
Dates associated with a name 1948-
856 41 - ELECTRONIC LOCATION AND ACCESS
Materials specified Table of contents
Uniform Resource Identifier <a href="http://www.loc.gov/catdir/toc/ecip0613/2006014915.html">http://www.loc.gov/catdir/toc/ecip0613/2006014915.html</a>
Materials specified Publisher description
Uniform Resource Identifier <a href="http://www.loc.gov/catdir/enhancements/fy0725/2006014915-d.html">http://www.loc.gov/catdir/enhancements/fy0725/2006014915-d.html</a>
906 ## - LOCAL DATA ELEMENT F, LDF (RLIN)
a 7
b cbc
c orignew
d 1
e ecip
f 20
g y-gencatlg
942 ## - ADDED ENTRY ELEMENTS (KOHA)
Source of classification or shelving scheme Library of Congress Classification
Koha item type Long Loan Books
Holdings
Withdrawn status Lost status Source of classification or shelving scheme Damaged status Not for loan Collection code Home library Current library Shelving location Date acquired Total Checkouts Full call number Barcode Date last seen Price effective from Koha item type Checked out Date checked out
    Library of Congress Classification     Non-fiction Rongo University Library Rongo University Library General Stacks 13/10/2015   LC191 .E4247 2006 20154001 13/10/2015 13/10/2015 Long Loan Books    
    Library of Congress Classification     Non-fiction Rongo University Library Rongo University Library General Stacks 13/10/2015   LC191 .E4247 2006 20153486 13/10/2015 13/10/2015 Long Loan Books    
    Library of Congress Classification     Non-fiction Rongo University Library Rongo University Library General Stacks 14/10/2015   LC191 .E4247 2006 20154006 14/10/2015 14/10/2015 Long Loan Books    
    Library of Congress Classification     Non-fiction Rongo University Library Rongo University Library General Stacks 23/05/2017   LC191 .E4247 2006 20157783 23/05/2017 23/05/2017 Long Loan Books    
    Library of Congress Classification     Non-fiction Rongo University Library Rongo University Library General Stacks 08/06/2023   LC191 .E4247 2006 20153481 08/06/2023 08/06/2023 Long Loan Books    
    Library of Congress Classification     Non-fiction Rongo University Library Rongo University Library General Stacks 08/06/2023   LC191 .E4247 2006 20153482 08/06/2023 08/06/2023 Long Loan Books    
    Library of Congress Classification     Non-fiction Rongo University Library Rongo University Library General Stacks 08/06/2023   LC191 .E4247 2006 20153483 08/06/2023 08/06/2023 Long Loan Books    
    Library of Congress Classification     Non-fiction Rongo University Library Sori Campus General Stacks 14/10/2015 2 LC191 .E4247 2006 20153485 23/06/2025 14/10/2015 Long Loan Books 01/07/2026 23/06/2025
    Library of Congress Classification     Non-fiction Rongo University Library Sori Campus General Stacks 08/06/2023   LC191 .E4247 2006 20153484 08/06/2023 08/06/2023 Long Loan Books    

© 2026 Rongo University
Contact us: librarian | system librarian | Rongo university